Quizzes
Events
Quiz Creation
Community
Videos
Private Events
Remove Ads
Sign In
Join for FREE
Feedback
Dark Mode
Quiz Categories
Sports
Geography
Music
Movies
Television
Just For Fun
Miscellaneous
History
Literature
Language
Science
Gaming
Entertainment
Religion
Holiday
For Kids
Quiz Lab
Recent
Popular Today
Quiz Kudos Today
Editor Picks
Curator Picks
Quizzes by...
Day
Popularity
Type
Ratings
Length
Year
Community
Subscriptions
Recent Discussions
Orange Saloon
Badges
Playlists
Quests
Create
Leaderboards
Showdown
Live 5
Trivia Bingo
Activity
Puzzle Library
Sporcle Events
Private Events
Virtual Trivia
Globe League
Become a Host
Pub Owners
SporcleCon
Opinionation
Our Games
Videos
Blog
Mobile Apps
Partnerships
Remove Ads and Go Orange
Feedback
Music
Pop Music
The Beatles
Song
Album
Lyrics
Bands
Singers
Artist
Clip
Rock
Rap
Classical
Billboard
Country Music
Kpop
Taylor Swift
Music
Pop Music
The Beatles
Song
Album
Lyrics
Bands
Singers
Artist
Clip
Rock
Rap
Classical
Billboard
Country Music
Kpop
Taylor Swift
Random Quiz
Search Sporcle
×
Quiz Lab
Quiz Lab
Music
Broadway
Type in answers that appear in a list
Type in answers that appear in a list
Classic
Best Score? Go Orange.
Hurricane Stats
Hurricane Lyrics from Hamilton
By
maddie914
10m
255 Questions
1,399 Plays
1,399 Plays
1,399 Plays
Comments
Comments
Give Quiz Kudos
Give Quiz Kudos
-
- Ratings
hide this ad
Replay
Link that replays current quiz
Next Quiz
Link to next quiz in quiz playlist
You Got
0%
They Got
Avg Score
89%
Avg Friend Score
Upgrade to see
Score Distribution
Jump to the score distribution portion of the page
Score
0/255
Timer
10:00
0
Plays Today
Lyrics
% Correct
I
98.9%
I
98.9%
I
98.9%
I
98.9%
I
98.9%
I
98.9%
I
98.9%
I
98.9%
I
98.9%
I
98.9%
I
98.9%
I
98.9%
I
98.9%
I
98.9%
I
98.9%
I
98.9%
I
98.9%
I
98.9%
I
98.9%
a
98.5%
a
98.5%
a
98.5%
a
98.5%
a
98.5%
a
98.5%
a
98.5%
a
98.5%
a
98.5%
a
98.5%
the
98.4%
the
98.4%
the
98.4%
the
98.4%
The
98.4%
the
98.4%
the
98.4%
the
98.4%
the
98.4%
the
98.4%
The
98.4%
In
97.7%
in
97.7%
in
97.7%
In
97.7%
hurricane
97.6%
hurricane
97.6%
hurricane
97.6%
hurricane
97.6%
of
97.3%
of
97.3%
of
97.3%
of
97.3%
of
97.3%
eye
97.2%
eye
97.2%
eye
97.2%
is
97.1%
is
97.1%
is
97.1%
is
97.1%
there
96.9%
there
96.9%
to
96%
to
96%
to
96%
to
96%
to
96%
to
96%
my
95.8%
my
95.8%
my
95.8%
my
95.8%
my
95.8%
my
95.8%
my
95.8%
my
95.8%
my
95.8%
my
95.8%
my
95.8%
my
95.8%
quiet
95.6%
quiet
95.6%
was
95.4%
was
95.4%
was
95.4%
Lyrics
% Correct
was
95.4%
was
95.4%
was
95.4%
for
95.3%
for
95.3%
for
95.3%
for
95.3%
for
95.3%
for
95.3%
when
94.9%
when
94.9%
when
94.9%
moment
94.6%
moment
94.6%
just
94.4%
just
94.4%
way
94.1%
way
94.1%
way
94.1%
way
94.1%
way
94.1%
way
94.1%
way
94.1%
die
93.7%
out
93.7%
out
93.7%
out
93.7%
die
93.7%
out
93.7%
out
93.7%
could
93.4%
wrote
93.3%
wrote
93.3%
wrote
93.3%
wrote
93.3%
wrote
93.3%
wrote
93.3%
wrote
93.3%
wrote
93.3%
wrote
93.3%
see
93.3%
see
93.3%
and
92.4%
and
92.4%
and
92.4%
and
92.4%
and
92.4%
and
92.4%
town
92.3%
couldn't
92.3%
town
92.3%
couldn't
92.3%
seem
91.8%
seem
91.8%
me
91.8%
me
91.8%
me
91.8%
me
91.8%
on
91.6%
on
91.6%
she
91.6%
she
91.6%
she
91.6%
it
91.5%
it,
91.5%
it,
91.5%
it,
91.5%
destroyed
91.4%
sky
91.1%
sky
91.1%
yellow
90.7%
yellow
90.7%
mother
90.5%
as
89.7%
as
89.7%
we
89.3%
died
89.3%
holding
88.7%
holding
88.7%
everything
88.1%
everything
88.1%
far
87.8%
far
87.8%
down
87.5%
down
87.5%
Lyrics
% Correct
can
86.9%
can
86.9%
Eliza
86.8%
didn't
86.6%
Wait
86.6%
wait
86.6%
wait
86.6%
wait
86.6%
sick
86.6%
letters
86.4%
love
86.2%
were
86.1%
were
86.1%
Reynolds
85.8%
drown
85.1%
Pamphlet
85.1%
until
84.8%
fell
84.5%
only
84.3%
that
84.2%
This
84%
this
84%
its
83.9%
hell
83.9%
17
83.8%
had
83.5%
New
83.3%
eyes
83.1%
ship
83.1%
up
82.9%
up
82.9%
York
82.8%
twelve
82.1%
write
81.5%
write
81.5%
write
81.5%
bound
81.3%
legacy
81.3%
strangers
81.2%
They
81%
I'll
80.8%
I'll
80.8%
by
80.4%
moved
80.2%
story
80.2%
kindness
79.9%
well
79.4%
around
79.1%
total
78.8%
defended
78.7%
Constitution
78.6%
passage
78.3%
looked
77.9%
passed
77.9%
enough
77.5%
own
77.4%
protect
77.4%
plate
76.3%
bell
76.1%
deliverance
76.1%
than
75.5%
crack
75.5%
revolution
75.3%
about
74%
raised
74%
louder
73.7%
pen
72%
with
71.9%
with
71.9%
picked
71.2%
into
70.2%
God
69.2%
face
69%
existence
68.1%
prayers
67.7%
systems
67.5%
book
66.1%
met
65.3%
resistance
64.1%
indifference
63.8%
financial
63.7%
ignorance
62.4%
them
57.4%
honesty
56.4%
Overwhelm
53.3%
Quiz Playlist
Details
Report
Send in Message
Add To Playlist
Classic:
Type in answers that appear in a list
Last Updated: Feb 16, 2017
Quiz Scoreboard
CHALLENGE
Sign Up to Join the Scoreboard
Show All
Scores
Hide
Comments
May contain spoilers
Recently Published
Movies - When Are They Set?
by FPL_Elf
Movies
5m
Popular People in 1961
by mucciniale
History
6m
1-10 Letter E Words III
by El_Dandy
Language
2m
More to Explore
Quiz From the Vault
Featured Blog Post
Where Did the Easter Bunny Come From?
hide this ad
You Might Also Like...
Tags
Broadway Quiz
Lyrics Quiz
Hamilton
Today's Top Quizzes in Music
Browse Music
hide this ad
Today's Top Quizzes in Broadway
Browse Broadway
Top Contributed Quizzes in Music
1
Taylor Swift All Songs (2024)
2
2010s Album by Cover III
3
One Thing in Common: Music
4
Guess the Artist- 70s Songs
5
Taylor Swift Logic Puzzle
6
Guess the Taylor Swift song (Mystery Song)
7
2010s Album by Cover IV
8
2010s Album by Cover V
9
KPOP LOGIC QUIZ
10
2010s Album by Cover VI
Explore More
Trending Topics
Marvel
Disney
Crossword
Kpop
Anime
NBA
Harry Potter
Country
Soccer
The Office
NFL
Song
Pokémon
WWE
Puzzle
hide this ad
More By:
maddie914
Quiz
Plays
Rating
Category
Featured
Created
Hurricane
1,399
4.60
Music
Feb 21, 2016
Go to Creator's Profile
Score Distribution
Quiz Creator Spotlight
maddie914
Follow
Send a Message
Quizzes Created
-
Created Quiz Play Count
-
More By This Creator
Popular Quizzes Today
1
Find the Countries of Europe - No Outlines Minefield
2
Find the US States - No Outlines Minefield
3
The Countries of the World
4
Popular People in 1961
5
1-10 Letter E Words III
6
US States
7
Find the US States
8
One Thing in Common: World Cities II
More Music Quizzes
Brutal Lyrics - Olivia Rodrigo
Quiz Lab
Trending Quizzes
Risky Map Clicking: Least Populous States A-Z
1-10 Letter F Words
Humor Books: The Subtitles
1-10 Letter G Words
One Thing in Common: United Kingdom
Recently Updated
Leaping Animals
pecheneg
Reality TV Shows (A-Z)
bhenderson79
Rickey Henderson's Hall of Fame Teammates
pecheneg
Champions League XIs: Arsenal
pecheneg
Quick Pick: Celebrities in WWE's Hall of Fame
aduchscher
A-Z Keypad Blitz II
pecheneg
Multiple Oscar Actors
pecheneg
Mystery Phrase Blitz: Oscar 'Best Actors'
pecheneg
F. Scott Fitzgerald Novels
LTH
Pick 3 Villains
ddd62291
Trending Topics
NBA
Harry Potter
Anime
Crossword
Disney
Kpop
Marvel
The Office
Soccer
Country
Song
NFL
Puzzle
Pokémon
WWE
Your Account Isn't Verified!
In order to create a playlist on Sporcle, you need to verify the email address you used during registration. Go to your
Sporcle Settings
to finish the process.
Report this User
Report this user for behavior that violates our
Community Guidelines
.
Details:
Send Report
Go to the Sporcle.com Mobile Site →
Comments